| 000 -LEADER |
| fixed length control field |
00827nam a22001217a 4500 |
| 040 ## - CATALOGING SOURCE |
| Transcribing agency |
RUA |
| 100 ## - MAIN ENTRY--AUTHOR NAME |
| Personal name |
PANN KAO ប៉ាន់ គោ |
| 245 ## - TITLE STATEMENT |
| Title |
STUDY ON ACQUISITION OF CONCESSION RIGHTS THROUGH SOCIAL LAND CONCESSION PROJECT IN KRANGL VEA COMMUNE, SAMEAKKI MEANCHEY DISTRICT, KAMPONG CHHNANG PROVINCE សិក្សាពីកាទទួលបានសិទ្ធសម្បទានិកតាមរយះគម្រោងសម្បទានដីសង្គមកិច្ចនៅឃុំក្រាំងល្វា ស្រុកសាមគ្គីមានជ៍យ ខេត្តកំពង់ឆ្នាំង |
| 260 ## - PUBLICATION, DISTRIBUTION, ETC. (IMPRINT) |
| Place of publication |
PHNOM PENH |
| Name of publisher |
RUA |
| Year of publication |
2023 |
| 300 ## - PHYSICAL DESCRIPTION |
| Number of Pages |
X. 71P |
| Other physical details |
VII. |
| Dimensions |
29CM |
| 856 ## - ELECTRONIC LOCATION AND ACCESS |
| Uniform Resource Identifier |
https://drive.google.com/file/d/1GmAwbU_am3XOhMm6ezRMq4S1zOmJ2neC/view?usp=sharing |
| 942 ## - ADDED ENTRY ELEMENTS (KOHA) |
| Koha item type |
LMA |
| 952 ## - LOCATION AND ITEM INFORMATION (KOHA) |
| Withdrawn status [LOCAL, KOHA] |
0 |
| 952 ## - LOCATION AND ITEM INFORMATION (KOHA) |
| Withdrawn status [LOCAL, KOHA] |
0 |
| 952 ## - LOCATION AND ITEM INFORMATION (KOHA) |
| Withdrawn status [LOCAL, KOHA] |
0 |